| 000 | 00524nam a2200169 4500 | ||
|---|---|---|---|
| 003 | SEACOMMC | ||
| 005 | 20250425130411.0 | ||
| 008 | 241001b |||||||| |||| 00| 0 eng d | ||
| 020 |
_a0-76-681-660-5 _cRs.295.00 |
||
| 040 | _aSEACOMMC | ||
| 082 |
_a642 _bS 558 |
||
| 100 | _aShiring, Stephen B | ||
| 245 | 1 |
_aIntroduction to Catering : Ingredients for Success _cStephen B. Shiring, Sr., R. William "Bill" Jardine, Richard J. Mills, Jr. |
|
| 260 |
_aSingapore _bDelmar _c2000 |
||
| 650 | _aCaterers and Catering | ||
| 942 | _cBOOK | ||
| 999 |
_c619 _d619 |
||